000 00896nam a22002417a 4500
005 20240530110607.0
008 160514b2013 ua a g 000 0 ara d
017 _a5343/2013
_bمصر . دار الكتب المصرية
020 _a9789773505059
040 _aEG-CaGPL
082 0 4 _221
_a658.3124\
_bح ت
100 0 _aحسين التهامى .
245 1 2 _aالتفكير الابتكارى فى السلوك التدريبى فى العملية الادارية /
_cحسين التهامى .
250 _aط.1.
260 _aالقاهرة :
_bدار الكتاب الحديث ،
_c2013 .
300 _a255 ص ؛
_c24 سم .
490 0 _aالسلوك التنظيمى فى الادارة .
650 0 4 _aالتفكير .
650 0 4 _aالافكار الابداعية .
650 0 4 _aالابتكار .
942 _2ddc
_cBK
999 _c62791
_d62791